000 00634nam a22002537a 4500
003 LK-CoDNM
005 20250129094040.0
008 250128b |||||||| |||| 00| 0 eng d
040 _aLK-CoDNM
_dLK-CoDNM
_eLK-CoDNM
041 _ager
080 _a13
_bM8
100 _aPlate Ludwig
245 _aGeneral Zoology & Etymology - Volume I
260 _aJena
_bGustav Fischer Publishing House
_g1922
300 _avi, 629 p. : ill ; 24 cm
650 _aScience
650 _aSkin
650 _aZoology
650 _aLocomotor Organs
650 _aAnimals
650 _aNervous System
650 _aSkelton
942 _cBK
999 _c237542
_d237542